El vocabulario político de algunos periódicos de México D.F. desde 1930 hasta 1940 (Registro nro. 65258)

Detalles MARC
000 -LEADER
campo de control de longitud fija 00673nam a2200193 i 4500
001 - NÚMERO DE CONTROL
campo de control 65258
003 - IDENTIFICADOR DE NÚMERO DE CONTROL
campo de control ES-MaACL
005 - FECHA Y HORA DE LA ÚLTIMA TRANSACCIÓN
campo de control 20230906165332.0
007 - CAMPO FIJO DE DESCRIPCIÓN FÍSICA--INFORMACIÓN GENERAL
campo de control de longitud fija t|
008 - DATOS DE LONGITUD FIJA--INFORMACIÓN GENERAL
campo de control de longitud fija 040109s1981 sp ||||1| spa d
100 1# - ENTRADA PRINCIPAL--NOMBRE DE PERSONA
Nombre de persona Franco Arias, Froilán.
9 (RLIN) 52239
245 13 - MENCIÓN DEL TÍTULO
Título El vocabulario político de algunos periódicos de México D.F. desde 1930 hasta 1940
Resto del título : (introducción) : estudio de lexicología /
Mención de responsabilidad, etc. Froilán Franco Arias.
260 ## - PUBLICACIÓN, DISTRIBUCIÓN, ETC.
Lugar de publicación, distribución, etc. Madrid :
Nombre del editor, distribuidor, etc. Fundación Juan March,
Fecha de publicación, distribución, etc. [1981]
300 ## - DESCRIPCIÓN FÍSICA
Extensión 44 p. ;
Dimensiones 21 cm.
490 1# - MENCIÓN DE SERIE
Mención de serie Serie universitaria ;
Designación de volumen o secuencia 148
830 0# - PUNTO DE ACCESO ADICIONAL DE SERIE-TÍTULO UNIFORME
Título uniforme Serie universitaria ;
Designación de volumen o secuencia 148
9 (RLIN) 180747
852 ## - LOCALIZACIÓN
Ubicación ES-MaACL
Número de control de estantería 2117-F-7
Sublocalización o colección R.101570
Existencias
Estatus retirado Estado de pérdida Estado de daño No para préstamo Colección Biblioteca de origen Biblioteca actual Ubicación en estantería Fecha de adquisición Fuente de adquisición Total de préstamos Signatura topográfica completa Código de barras Visto por última vez Precio de reemplazo Tipo de ítem Koha
        Colección de folletos Biblioteca del Ateneo de Madrid Biblioteca del Ateneo de Madrid Depósito folletos 17/01/2008     2117-F-7 1068370 23/02/2023 23/02/2023 Folleto